书目信息 |
| 题名: |
体育
|
|
| 作者: | ;人民教育出版社体育室 编 | |
| 分册: | 第二册 | |
| 出版信息: | 北京 人民教育出版社 1999 |
|
| 页数: | 199页 | |
| 开本: | 26cm | |
| 丛书名: | ||
| 单 册: | ||
| 中图分类: | G8 | |
| 科图分类: | ||
| 主题词: | 体育--初级中学--教材 , 体育 | |
| 电子资源: | ||
| ISBN: | 7-107-13613-5 | |
| 000 | 00818nam0 2200265 45 | |
| 001 | 0194031075 | |
| 005 | 20070615105710.53 | |
| 010 | @a7-107-13613-5@dCNY7.05 | |
| 100 | @a19940721d1999 em y0chiy0121 ea | |
| 101 | 0 | @achi |
| 102 | @aCN@b110000 | |
| 105 | @af z 000yy | |
| 200 | 10 | @a体育@ATI YU@e教师教学用书@h第二册@f人民教育出版社体育室编@FREN MIN JIAO YU CHU BAN SHE TI YU SHI BIAN |
| 205 | @a2版 | |
| 210 | @a北京@c人民教育出版社@d1999 | |
| 215 | @a199页@d26cm | |
| 300 | @a九年义务教育三年制初级中学 | |
| 517 | 1 | @a教师教学用书@Ajiao shi jiao xue yong shu |
| 540 | 1 | @a体育@ATI YU |
| 606 | @a体育@x初级中学@x教材 | |
| 606 | 0 | @a体育 |
| 690 | @aG8@v4 | |
| 711 | 02 | @a人民教育出版社体育室@AREN MIN JIAO YU CHU BAN SHE TI YU SHI@4编 |
| 801 | 0 | @aCN@bTSSF@c20070615 |
| 905 | @a10447@dG8@e263:2(2)=2 | |
| 体育:教师教学用书.第二册/人民教育出版社体育室编.-2版.-北京:人民教育出版社,1999 |
| 199页;26cm |
| 九年义务教育三年制初级中学 |
| ISBN 7-107-13613-5:CNY7.05 |
| ● |
| 相关链接 |
|
|
|
|
正题名:体育
索取号:G8/263:2(2)=2
 
预约/预借
| 序号 | 登录号 | 条形码 | 馆藏地/架位号 | 状态 | 备注 |
| 1 | 0408948 | 204089486 | 第一样本阅览室/ [索取号:G8/263:2(2)=2] | 在馆 | |
| 2 | 0408949 | 204089495 | 密集书库/ [索取号:G8/263:2(2)=2] | 在馆 | |
| 3 | 0408950 | 204089501 | 密集书库/ [索取号:G8/263:2(2)=2] | 在馆 | |
| 4 | 0408951 | 204089510 | 密集书库/ [索取号:G8/263:2(2)=2] | 在馆 | |
| 5 | 0408952 | 204089529 | 密集书库/ [索取号:G8/263:2(2)=2] | 在馆 | |
| 6 | 0652280 | 206522805 | 库房3/ [索取号:G8/263:2(2)=2] | 在馆 | |
| 7 | 0652281 | 206522814 | 库房3/ [索取号:G8/263:2(2)=2] | 在馆 | |
| 8 | 0652282 | 206522823 | 库房3/ [索取号:G8/263:2(2)=2] | 在馆 | |
| 9 | 0652283 | 206522832 | 库房3/ [索取号:G8/263:2(2)=2] | 在馆 |